000 00731nam a2200265Ia 4500
003 OSt
005 20220918164839.0
006 a|||||r|||| 00| 0
007 ta
008 220917b |||||||| |||| 00| 0 eng d
020 _a0801495350 (pbk)
024 _a216,493
037 _cTextual
040 _aARTS
_cARTS
_beng
041 _2eng
_aeng
082 _aO111,3:g, N0
100 _aGenette Gerard
245 0 _aNarrative discourse revisited
260 _aNew York
_bCornell university press USA
_c1990
300 _a175p
_ccm.
650 _aENGLISH LITERATURE
700 _a Lewin Jane E. Tr.
_921233
942 _hO111,3:g, N0
_cTEXL
_2CC
999 _c126994
_d126994